000 00476nam a2200181Ia 4500
003 GCL
008 140319s9999 xx 000 0 eng d
040 _aGCL /
_cGCL
082 0 4 _a610.736
_bS M
100 1 _aSTUCKE, VIVIEN, A.
245 1 0 _aMICROBIOLOGY FOR NURSES /
_cSTUCKE, VIVIEN, A.
260 _a[S.N] :
_bELBS WITH BAILLIERE TINDALL ،
_c1993
300 _a513 P
650 0 4 _aNURSING
650 0 4 _aMICROBIOLOGY
650 0 4 _aNURSING DIAGNOSIS
942 _2ddc
_cBK
999 _c19884
_d19884